000 00367nam a2200133Ia 4500
008 231129s9999||||xx |||||||||||||| ||spa||
020 _a978-958-8940-21-2
040 _bspa
082 _a869.3 S243s
100 _aSaramago José
245 0 _aEnsayo sobre la ceguera
264 _aBogotá Colombia : Debolsillo
942 _2ddc
_cBKS
999 _c13112
_d13112